00303 2200145 4500245003300000250001100033100000900044650001600053650001400069005001900083260001800102041001400120084001400134336000900148 aPotongan SayurancAldihText aCet. 1 aAldi aKarya Siswa aScrapbook a20250526094542 aJakartac2025 aIndonesia a081 ALD p atext